Geboren in Ludwigsburg - Statistiken

Allgemein
  • Dieses Quiz wurde 10 mal gespielt
    2 seit der letzten Aktualisierung
  • Das Durchschnittsergebnis liegt bei 2 aus 6
Antwortstatistiken
Hinweis Antwort % Korrekt
Mitgründer des amerikanischen Pharmakonzerns Pfizer 1824 Karl Pfizer
100%
Bundesverkehrsminister von 1993 bis 1998 und Präsident des Verbandes der Automobilindustrie von 2007 bis 2018 1949 Matthias Wissmann
50%
Sänger, "Erkläre mir die Liebe" "Ich will nur" "Wie soll ein Mensch das ertragen" 1983 Philipp Poisel
50%
Chemiker, welcher als einer der Erfinder des Aspirins gilt 1868 Felix Hoffmann
0%
Biochemiker und Nobelpreisträger 1948 Hartmut Michel
0%
Regisseur, "Das fliegende Klassenzimmer" "Das große Comeback" 1952 Tomy Wigand
0%
Keine übereinstimmenden Quizze gefunden
Verteilung der Resultate
Anzahl Personen mit jedem Resultat
Perzentil nach korrekt beantworteten Fragen
Ihre Resultats-Entwicklung
Sie haben dieses Quiz seit der letzten Aktualisierung nicht gespielt